000 00336nam a2200133Ia 4500
008 100328s9999 xx 000 0 und d
082 _b74158
100 _aWeiss Brian.
245 _aThrough Time Into Healing.
260 _bPiatkus.
630 _aThrough Time Into Healing.
730 _aThrough Time Into Healing.
942 _cBOOK
999 _c559879
_d559876